El estudio de las derramas de la inversión extranjera directa en la industria manufacturera mexicana : una nota histórica /
Guardat en:
| Autor principal: | |
|---|---|
| Altres autors: | , |
| Format: | Llibre |
| Idioma: | espanyol |
| Publicat: |
México :
CIDE,
2004, c2004
|
| Col·lecció: | (Documento de Trabajo. División de Economía ;
305) |
| Matèries: | |
| Etiquetes: |
Sense etiquetes, Sigues el primer a etiquetar aquest registre!
|
MARC
| LEADER | 00000nam^a2200000^a^4500 | ||
|---|---|---|---|
| 001 | 000174551 | ||
| 005 | 20250521000000.0 | ||
| 009 | 20260310101533.163 | ||
| 037 | |a Acervo ITESO - Biblioteca | ||
| 041 | |a ESP | ||
| 082 | |a 338. 82670 |b REY | ||
| 100 | |a Reyes, Angel |e (autor) | ||
| 245 | 1 | 3 | |a El estudio de las derramas de la inversión extranjera directa en la industria manufacturera mexicana : |b una nota histórica / |c A. Reyes, D. Romo Murillo, C. Bazdresch Parada. |
| 264 | 4 | |a México : |b CIDE, |c 2004, c2004 | |
| 300 | |a 39 p. | ||
| 336 | |a texto |b txt |2 rdacontenido | ||
| 337 | |a sin mediación |b n |2 rdamedio | ||
| 338 | |a volumen |b nc |2 rdasoporte | ||
| 440 | 1 | |a (Documento de Trabajo. |p División de Economía ; |v 305) | |
| 649 | |a XX | ||
| 650 | |a Industria Manufacturera - |z México - |x Investigación | ||
| 650 | |a Industria Manufacturera - |z México - |x Historia - |y 1946-2000 | ||
| 650 | |a Industria Manufacturera - |z México - |x Historia - |y Siglo XX | ||
| 650 | |a Inversiones Extranjeras - |z México - |x Investigación | ||
| 650 | |a Inversiones Extranjeras - |z México - |x Historia - |y 1946-1200 | ||
| 650 | |a Inversiones Extranjeras - |z México - |x Historia - |y Siglo XX | ||
| 650 | |a Utilidad (Economía) - |z México | ||
| 650 | |a Eficiencia Institucional - |z México - |x Investigación | ||
| 650 | |a Eficiencia Institucional - |z México - |x Historia - |y 1946-2000 | ||
| 650 | |a Eficiencia (Economía) - |z México - |x Investigación | ||
| 650 | |a Eficiencia (Economía) - |z México - |x Historia - |y 1946-2000 | ||
| 650 | |a Transnacionales - |z México | ||
| 650 | |a Desarrollo Económico-Social - |z México - |x Investigación | ||
| 650 | |a Desregulación Económica - |z México - |x Historia - |y 1946-2000 | ||
| 650 | |a Apertura Comercial e Integración Económica - |z México - |x Historia - |y 1946-2000 | ||
| 650 | |a Crisis Económica - |z México - |x Historia - |y 1946-2000 | ||
| 650 | |a Desarrollo Económico-Social - |z México - |x Historia - |y 1946-2000 | ||
| 650 | |a Desarrollo Económico-Social - |z México - |x Historia - |y Siglo XX | ||
| 650 | |a Industrialización - |z México - |x Investigación | ||
| 650 | |a Economía - |z México - |x Historia - |y 1946-2000 | ||
| 650 | |a Economía - |z México - |x Historia - |y Siglo XX | ||
| 650 | |a México - |x Condiciones Económicas | ||
| 700 | |a Romo Murillo, David |e (autor) | ||
| 700 | |a Bazdresch Parada, Carlos |e (autor) | ||
| 910 | |a Fondo General | ||
| 920 | |a Impresos - Libros | ||
| 930 | |a Colección General | ||
| 905 | |a 101 | ||
| 901 | |a 0500112634 |b IT1 |c ACC |u 20250521 | ||
| 902 | |a https://opac.biblio.iteso.mx/vufind/Record/000174551 | ||